Big Nate and friends / (Record no. 3614)

MARC details
000 -LEADER
fixed length control field 01681cam a22004817a 4500
001 - CONTROL NUMBER
control field 3614
003 - CONTROL NUMBER IDENTIFIER
control field FISKH
005 - DATE AND TIME OF LATEST TRANSACTION
control field 20240326114341.0
008 - FIXED-LENGTH DATA ELEMENTS--GENERAL INFORMATION
fixed length control field 110929s2011 moua j 6 000 1 eng d
010 ## - LIBRARY OF CONGRESS CONTROL NUMBER
LC control number 2011940123
020 ## - INTERNATIONAL STANDARD BOOK NUMBER
International Standard Book Number 9781449420437 (pbk.)
020 ## - INTERNATIONAL STANDARD BOOK NUMBER
International Standard Book Number 1449420435 (pbk.)
020 ## - INTERNATIONAL STANDARD BOOK NUMBER
International Standard Book Number 9781451738230 (lib. bdg.)
020 ## - INTERNATIONAL STANDARD BOOK NUMBER
International Standard Book Number 1451738234 (lib. bdg.)
020 ## - INTERNATIONAL STANDARD BOOK NUMBER
International Standard Book Number 9780545468015
020 ## - INTERNATIONAL STANDARD BOOK NUMBER
International Standard Book Number 0545468019
020 ## - INTERNATIONAL STANDARD BOOK NUMBER
International Standard Book Number 9781607448372
020 ## - INTERNATIONAL STANDARD BOOK NUMBER
International Standard Book Number 1607448378
035 ## - SYSTEM CONTROL NUMBER
System control number (OCoLC)ocn756590849
040 ## - CATALOGING SOURCE
Original cataloging agency BTCTA
Language of cataloging eng
Transcribing agency BTCTA
Modifying agency OCO
-- BKX
-- YDXCP
-- LF3
-- BDX
-- BPLCP
-- CNRCS
-- JN7
-- CD5
-- ABG
-- DLC
042 ## - AUTHENTICATION CODE
Authentication code lccopycat
050 00 - LIBRARY OF CONGRESS CALL NUMBER
Classification number PZ7.P361
Item number Bd 2011
082 04 - DEWEY DECIMAL CLASSIFICATION NUMBER
Classification number 741.5/6/973
Edition number 23
100 1# - MAIN ENTRY--PERSONAL NAME
Personal name Peirce, Lincoln.
245 10 - TITLE STATEMENT
Title Big Nate and friends /
Statement of responsibility, etc. by Lincoln Peirce.
250 ## - EDITION STATEMENT
Edition statement First Scholastic printing, March 2012
260 ## - PUBLICATION, DISTRIBUTION, ETC.
Place of publication, distribution, etc. New York ;
Name of publisher, distributor, etc. Scholastic,
Date of publication, distribution, etc. 2011.
300 ## - PHYSICAL DESCRIPTION
Extent 222 pages :
Other physical details illustrations ;
Dimensions 23 cm
520 ## - SUMMARY, ETC.
Summary, etc. Collects sixth-grader Nate Wright's adventures with his best friends, Francis and Teddy, exchange student, Artur, and annoying teacher's pet, Gina.
650 #0 - SUBJECT ADDED ENTRY--TOPICAL TERM
Topical term or geographic name entry element Middle schools
Form subdivision Comic books, strips, etc.
650 #0 - SUBJECT ADDED ENTRY--TOPICAL TERM
Topical term or geographic name entry element Friendship
Form subdivision Comic books, strips, etc.
650 #1 - SUBJECT ADDED ENTRY--TOPICAL TERM
Topical term or geographic name entry element Big Nate (Fictitious character)
Form subdivision Cartoons and comics.
650 #1 - SUBJECT ADDED ENTRY--TOPICAL TERM
Topical term or geographic name entry element Middle schools
Form subdivision Fiction.
650 #1 - SUBJECT ADDED ENTRY--TOPICAL TERM
Topical term or geographic name entry element Friendship
Form subdivision Fiction.
650 #1 - SUBJECT ADDED ENTRY--TOPICAL TERM
Topical term or geographic name entry element Schools
Form subdivision Fiction.
650 #1 - SUBJECT ADDED ENTRY--TOPICAL TERM
Topical term or geographic name entry element Cartoons and comics.
650 #7 - SUBJECT ADDED ENTRY--TOPICAL TERM
Topical term or geographic name entry element Middle schools
Form subdivision Fiction.
Source of heading or term sears
650 #7 - SUBJECT ADDED ENTRY--TOPICAL TERM
Topical term or geographic name entry element Friendship
Form subdivision Fiction.
Source of heading or term sears
655 #7 - INDEX TERM--GENRE/FORM
Genre/form data or focus term Comic books, strips, etc.
Source of term gsafd
906 ## - LOCAL DATA ELEMENT F, LDF (RLIN)
a 7
b cbc
c copycat
d 2
e epcn
f 20
g y-gencatlg
942 ## - ADDED ENTRY ELEMENTS (KOHA)
Source of classification or shelving scheme Dewey Decimal Classification
Koha item type Books
Suppress in OPAC No
Holdings
Withdrawn status Lost status Source of classification or shelving scheme Damaged status Not for loan Collection Home library Current library Shelving location Date acquired Total Checkouts Full call number Barcode Date last seen Date last checked out Price effective from Koha item type
    Library of Congress Classification     Fiction Footprints International School Library Network Toul Kork Campus Footprints International School Library Network Toul Kork Campus A TK Campus, Comic Books (All Reading Levels), B401 Bookcase 1/2, Shelf 3 03/26/2024 2 PEI PZ7.P361 741.5 FISTK04804 11/17/2025 12/12/2024 03/26/2024 Books